000 nam a22 7a 4500
999 _c219436
_d219436
003 Nust
005 20170208103744.0
008 170208b xxu||||| |||| 00| 0 eng d
040 _c0
050 _a628 IJZ
082 _a628 IJZ
100 _aIjaz,Naveed
245 _aChromium Recovery From Tannery Waste
_cNaveed Ijaz
260 _aRawalpindi
_bIESE (SCEE) NUST
_c2004.
300 _a86 p.
_bHB.
440 _aMS Environmental Engineering
500 _aThesis MS EE
650 _aEnvironmental Engineering
700 _4Dr. M Anwar Baig (Supervisor)
942 _2ddc
_cTHE
_kIESE